[Event "Arad op 9th"]
[Site "Arad"]
[Date "2016.08.10"]
[Round "6"]
[White "Eric, Jovana"]
[Black "Bartha, Andrei"]
[Result "1-0"]
[WhiteElo "2178"]
[BlackElo "1930"]
[PlyCount "71"]
[EventDate "2016.08.06"]
[EventType "swiss"]
[EventRounds "9"]
[EventCountry "ROU"]
[SourceTitle "CBM 173 Extra"]
[Source "ChessBase"]
[SourceDate "2016.08.29"]
[SourceVersion "1"]
[SourceVersionDate "2016.08.29"]
[SourceQuality "1"]

1. e4 c5 2. Nf3 d6 3. d4 cxd4 4. Nxd4 Nf6 5. Nc3 a6 6. Be2 e5 7. Nb3 Be6 8. Bg5 Nbd7 9. Qd3 Be7 10. Rd1 0-0 11. 0-0 h6 12. Bxf6 Nxf6 13. Rfe1 Qc7 14. Nd5 Bxd5 15. exd5 Rfc8 16. c4 b6 17. Nd2 Rf8 18. Nf1 Nd7 19. Qh3 Nc5 20. b4 Ne4 21. Bd3 Nf6 22. Ng3 Rfe8 23. Nf5 Bf8 24. Qh4 Nh7 25. Re3 Ng5 26. Rde1 Qd7 27. Qg4 Qa4 28. h4 e4 29. Bb1 g6 30. hxg5 gxf5 31. Qh4 Bg7 32. gxh6 Bd4 33. Qg5+ Kh8 34. Qxf5 Qxb4 35. Bxe4 Rxe4 36. Rxe4 1-0

[Event "Erkel Memorial op"]
[Site "Gyula"]
[Date "2001.11.04"]
[Round "6"]
[White "Menyhart, Tibor"]
[Black "Bartha, Andrei"]
[Result "0-1"]
[WhiteElo "2232"]
[BlackElo "2124"]
[PlyCount "112"]
[EventDate "2001.10.30"]
[EventType "swiss"]
[EventRounds "9"]
[EventCountry "HUN"]
[SourceTitle "EXT 2008"]
[Source "ChessBase"]
[SourceDate "2007.11.25"]
[SourceVersion "1"]
[SourceVersionDate "2007.11.25"]
[SourceQuality "1"]

1. e4 c5 2. Nf3 d6 3. d4 cxd4 4. Nxd4 Nf6 5. Nc3 a6 6. f4 e6 7. Qf3 Qc7 8. Bd3 Nbd7 9. Nb3 b5 10. a3 Bb7 11. 0-0 Be7 12. Be3 0-0 13. Rae1 Rfe8 14. Kh1 e5 15. Qh3 Bf8 16. fxe5 Nxe5 17. Bg5 Nfd7 18. Qf5 Nb6 19. Nd4 g6 20. Qh3 Bg7 21. Nf3 Nbc4 22. Nxe5 Bxe5 23. Bxc4 Qxc4 24. Bd2 Rac8 25. Rf3 Qe6 26. Qh6 Bg7 27. Qf4 Rc4 28. Rd3 d5 29. b3 Rd4 30. Qc7 Ba8 31. Qa7 Rxd3 32. cxd3 f5 33. e5 d4 34. Qxd4 Qc6 35. Rg1 Bxe5 36. Qb4 Bd6 37. Qh4 Bxa3 38. d4 Be7 39. Qg3 Bf6 40. Qd3 Qe6 41. d5 Qe5 42. Ra1 b4 43. d6 bxc3 44. d7 cxd2 45. dxe8Q+ Qxe8 46. Qc4+ Kg7 47. Rf1 Qc6 48. Qe2 Qb5 49. Qf2 Be4 50. Rd1 Bc3 51. Qg3 Qxb3 52. Qc7+ Kh6 53. Qf4+ g5 54. Qd6+ Kh5 55. Rg1 Qd5 56. Qg3 d1Q 0-1

[Event "Erkel Memorial op"]
[Site "Gyula"]
[Date "2001.11.01"]
[Round "3"]
[White "Boros, Denes"]
[Black "Bartha, Andrei"]
[Result "1-0"]
[WhiteElo "2234"]
[BlackElo "2124"]
[PlyCount "77"]
[EventDate "2001.10.30"]
[EventType "swiss"]
[EventRounds "9"]
[EventCountry "HUN"]
[SourceTitle "EXT 2008"]
[Source "ChessBase"]
[SourceDate "2007.11.25"]
[SourceVersion "1"]
[SourceVersionDate "2007.11.25"]
[SourceQuality "1"]

1. e4 c5 2. Nf3 d6 3. d4 cxd4 4. Nxd4 Nf6 5. Nc3 a6 6. Bg5 e6 7. f4 Qb6 8. Nb3 Qe3+ 9. Qe2 Qxe2+ 10. Bxe2 Nbd7 11. Bf3 Nb6 12. 0-0-0 Rb8 13. Rhe1 Nc4 14. Nd4 h6 15. Bxf6 gxf6 16. Bh5 Be7 17. f5 Kf8 18. b3 Ne5 19. Nce2 Bd8 20. Nf4 Ke7 21. fxe6 fxe6 22. Nf3 Rg8 23. Nxe5 fxe5 24. Ng6+ Kd7 25. Nxe5+ Kc7 26. Nf3 Rxg2 27. Rg1 Bg5+ 28. Nxg5 Rxh2 29. Nxe6+ Bxe6 30. Rg7+ Kc6 31. Bf3 Rg8 32. e5+ d5 33. Re7 Bf5 34. Bxd5+ Kc5 35. Rc7+ Kb6 36. Rxb7+ Ka5 37. Kb2 Rxc2+ 38. Ka3 Rc3 39. Bxg8 1-0

[Event "Erkel Memorial op"]
[Site "Gyula"]
[Date "2001.10.31"]
[Round "2"]
[White "Bartha, Andrei"]
[Black "Reiss, Tibor"]
[Result "0-1"]
[WhiteElo "2124"]
[BlackElo "2269"]
[PlyCount "78"]
[EventDate "2001.10.30"]
[EventType "swiss"]
[EventRounds "9"]
[EventCountry "HUN"]
[SourceTitle "EXT 2008"]
[Source "ChessBase"]
[SourceDate "2007.11.25"]
[SourceVersion "1"]
[SourceVersionDate "2007.11.25"]
[SourceQuality "1"]

1. e4 c5 2. Nf3 e6 3. d4 cxd4 4. Nxd4 a6 5. Bd3 Nf6 6. 0-0 d6 7. Nc3 Nbd7 8. Bg5 Be7 9. Bc4 Ne5 10. Bb3 h6 11. Bh4 Qc7 12. f4 Neg4 13. Qd3 g5 14. h3 gxh4 15. hxg4 Rg8 16. f5 e5 17. Nde2 Rxg4 18. Kh1 Qc5 19. Qf3 h5 20. Nd5 Nxe4 21. f6 Bf8 22. Ne3 Nd2 23. Qh3 Re4 24. Nf5 Nxf1 25. Rxf1 Rxe2 26. Qxh4 Bxf5 27. Rxf5 Qe3 28. Qxh5 Qh6 29. Bxf7+ Kd7 30. Bb3 Qxh5+ 31. Rxh5 Rf2 32. Rh7+ Kc6 33. f7 Rf6 34. g4 Rh6+ 35. Rxh6 Bxh6 36. Be6 d5 37. c4 d4 38. Kg2 Rd8 39. Kf2 e4 0-1

[Event "ROM-ch sf"]
[Site "Baile Tusnad"]
[Date "2000.??.??"]
[Round "9"]
[White "Economescu, Valentin"]
[Black "Bartha, Andrei"]
[Result "0-1"]
[WhiteElo "2123"]
[BlackElo "2171"]
[PlyCount "80"]
[EventDate "2000.05.??"]
[EventType "swiss"]
[EventRounds "11"]
[EventCountry "ROU"]
[SourceTitle "EXT 2001"]
[Source "ChessBase"]
[SourceDate "2000.11.22"]
[SourceVersion "1"]
[SourceVersionDate "2000.11.22"]
[SourceQuality "1"]

1. d4 Nf6 2. c4 g6 3. Nc3 d5 4. Nf3 Bg7 5. Bf4 0-0 6. Rc1 c5 7. dxc5 Be6 8. Ng5 Nc6 9. Nxe6 fxe6 10. e3 Qa5 11. Qa4 Qxc5 12. Qb5 Qb4 13. Qxb4 Nxb4 14. a3 Nc6 15. Be2 d4 16. exd4 Nxd4 17. Be3 e5 18. 0-0 Rfd8 19. Rfd1 Rac8 20. Bxd4 exd4 21. Nb5 a6 22. Nxd4 Ne4 23. Ne6 Rxd1+ 24. Rxd1 Bxb2 25. Rd3 Kf7 26. Rb3 Bc1 27. a4 h5 28. Rb1 Nc3 29. Ra1 Nxe2+ 30. Kf1 Kxe6 31. Kxe2 Rxc4 32. Kd3 Rc7 33. Ra2 Bg5 34. Re2+ Kd5 35. g3 Bf6 36. f3 Rc3+ 37. Kd2 Rxf3 38. Kc2 Ra3 39. Re1 Rxa4 40. Rd1+ Kc4 0-1

[Event "ROM-ch sf"]
[Site "Baile Tusnad"]
[Date "2000.??.??"]
[Round "11"]
[White "Manescu, Tiberiu"]
[Black "Bartha, Andrei"]
[Result "1-0"]
[WhiteElo "2103"]
[BlackElo "2171"]
[PlyCount "53"]
[EventDate "2000.05.??"]
[EventType "swiss"]
[EventRounds "11"]
[EventCountry "ROU"]
[SourceTitle "EXT 2001"]
[Source "ChessBase"]
[SourceDate "2000.11.22"]
[SourceVersion "1"]
[SourceVersionDate "2000.11.22"]
[SourceQuality "1"]

1. e4 g6 2. d4 Bg7 3. Nf3 d6 4. Bc4 Nf6 5. Nc3 0-0 6. 0-0 c6 7. a4 Qc7 8. Bb3 Nbd7 9. h3 e5 10. Be3 a5 11. dxe5 dxe5 12. Qe2 h6 13. Rfd1 Re8 14. Rd2 Nf8 15. Rad1 Ne6 16. g3 Nd7 17. Kg2 Ndc5 18. Bc4 b6 19. Ne1 Ba6 20. Bxa6 Nxa6 21. Rd7 Qb8 22. Qc4 Rc8 23. R1d6 Nb4 24. Rxe6 fxe6 25. Qxe6+ Kh7 26. Rxg7+ Kxg7 27. Qe7+ 1-0

[Event "Sah Ga-Mat op"]
[Site "Romania"]
[Date "1999.??.??"]
[Round "?"]
[White "Bartha, Andrei"]
[Black "Balla, Tamas Kristof"]
[Result "1-0"]
[WhiteElo "2183"]
[BlackElo "2161"]
[PlyCount "71"]
[EventDate "1999.??.??"]
[EventType "swiss"]
[EventRounds "9"]
[EventCountry "ROU"]
[SourceTitle "EXT 2004"]
[Source "ChessBase"]
[SourceDate "2003.11.25"]
[SourceVersion "1"]
[SourceVersionDate "2003.11.25"]
[SourceQuality "1"]

1. e4 c5 2. Nf3 Nc6 3. d4 cxd4 4. Nxd4 g6 5. Nc3 Bg7 6. Be3 Nf6 7. Nxc6 bxc6 8. e5 Ng8 9. Bd4 Qa5 10. e6 Nf6 11. exf7+ Kxf7 12. Bc4+ e6 13. 0-0 d5 14. Bb3 Re8 15. Re1 Bb7 16. Na4 Nd7 17. Qf3+ Kg8 18. Bxg7 Kxg7 19. Qg4 Kf7 20. Re3 Qc7 21. Rae1 e5 22. c4 Kg7 23. cxd5 cxd5 24. Qb4 d4 25. Rh3 Qc6 26. f3 Rac8 27. Qd2 h5 28. Rg3 Kh7 29. Bf7 Rg8 30. Bxg8+ Kxg8 31. b3 Qc2 32. Qxc2 Rxc2 33. Rxg6+ Kf7 34. Rd6 Bc8 35. h4 Rxa2 36. Rc6 1-0